[Event "TCh-CHN 2018"]
[Site "China CHN"]
[Date "2018.11.30"]
[Round "22.2"]
[Board "5"]
[White "Girya, Olga"]
[Black "Xiao, Yiyi"]
[Result "1-0"]
[WhiteTitle "WGM"]
[BlackTitle "WFM"]
[WhiteElo "2481"]
[BlackElo "2295"]
[WhiteTeam "Hangzhou Bank Team"]
[BlackTeam "Tianjin Team"]
[WhiteFideId "4195752"]
[BlackFideId "8606161"]
[EventDate "2018.04.11"]

1. d4 Nf6 2. c4 e6 3. Nc3 d5 4. Bg5 Be7 5. e3 h6 6. Bxf6 Bxf6 7. Nf3 O-O 8. Rc1
c6 9. Bd3 Nd7 10. O-O dxc4 11. Bxc4 e5 12. d5 Nb6 13. Qb3 cxd5 14. Nxd5 e4 15.
Nxf6+ Qxf6 16. Nd4 Qg6 17. Rfe1 Nxc4 18. Qxc4 Bh3 19. Qf1 Rad8 20. Rc7 Rd7 21.
Rc5 Rfd8 22. Rec1 a6 23. a4 Bg4 24. Kh1 Rd5 25. b4 Rxd4 26. exd4 Rxd4 27. Qe1
Qe6 28. Qc3 Qd6 29. Re1 Be6 30. a5 Bd7 31. Kg1 Bc6 32. h3 Kh7 33. Rc1 Bb5 34.
Rc7 Qf6 35. Qe3 Bc6 36. Rxf7 Qe5 37. f4 Qd5 38. Re7 Rxb4 39. Qc3 Qd4+ 40. Kh2
Qxc3 41. Rxc3 Kg6 42. Rg3+ Kf5 43. Rf7+ Ke6 44. Rgxg7 Rb5 45. Re7+ Kd6 46. Re5
Bd5 47. Rg6+ Kc5 48. Rxh6 Kd4 49. Rd6 Rxa5 50. h4 Rc5 51. h5 1-0

[Event "TCh-CHN 2018"]
[Site "China CHN"]
[Date "2018.11.30"]
[Round "22.3"]
[Board "1"]
[White "Maghsoodloo, Parham"]
[Black "Xu, Xiangyu"]
[Result "0-1"]
[WhiteTitle "GM"]
[BlackTitle "GM"]
[WhiteElo "2689"]
[BlackElo "2565"]
[WhiteTeam "Hebei sports lottery chess team"]
[BlackTeam "Chengdu Beilei Youth Chess Club"]
[WhiteFideId "12539929"]
[BlackFideId "8608288"]
[EventDate "2018.04.11"]

1. e4 e5 2. Nf3 Nf6 3. Nxe5 d6 4. Nf3 Nxe4 5. Qe2 Qe7 6. d3 Nf6 7. Bg5 Qxe2+ 8.
Bxe2 Be7 9. Nc3 c6 10. O-O-O Na6 11. Rde1 h6 12. Bd2 Nc7 13. h3 O-O 14. Bd1 Re8
15. g4 Nfd5 16. Ne2 a5 17. Ng3 Bd7 18. Nd4 Bf8 19. Rxe8 Nxe8 20. f4 a4 21. Bf3
Nec7 22. Nde2 b5 23. h4 a3 24. b3 b4 25. h5 Re8 26. g5 c5 27. Ne4 Nb5 28. Rg1
Kh8 29. Kd1 Be6 30. N4g3 Ne7 31. Re1 d5 32. Rf1 Rd8 33. Re1 Re8 34. Nf1 Nf5 35.
Neg3 Nxg3 36. Nxg3 Nd4 37. Bxd5 Bg4+ 38. Kc1 Rxe1+ 39. Bxe1 Bd6 40. gxh6 Bxf4+
41. Kb1 Bd1 42. hxg7+ Kxg7 43. h6+ Kh8 0-1

[Event "TCh-CHN 2018"]
[Site "China CHN"]
[Date "2018.11.30"]
[Round "22.3"]
[Board "2"]
[White "Zhang, Ziji"]
[Black "Vallejo Pons, Francisco"]
[Result "0-1"]
[BlackTitle "GM"]
[WhiteElo "2393"]
[BlackElo "2694"]
[WhiteTeam "Hebei sports lottery chess team"]
[BlackTeam "Chengdu Beilei Youth Chess Club"]
[WhiteFideId "8609470"]
[BlackFideId "2205530"]
[EventDate "2018.04.11"]

1. d4 Nf6 2. c4 e6 3. Nc3 Bb4 4. Qc2 c5 5. dxc5 Bxc5 6. Nf3 Qc7 7. Bg5 a6 8. e3
Be7 9. Be2 d6 10. O-O h6 11. Bh4 Nbd7 12. Nd4 b6 13. Bf3 Bb7 14. Bxb7 Qxb7 15.
Qe2 Rc8 16. Rac1 O-O 17. e4 Rfe8 18. f4 Qc7 19. b3 Nxe4 20. Qxe4 Bxh4 21. f5 Bg5
22. fxe6 Nf6 23. Qd3 Bxc1 24. Nd5 Nxd5 25. exf7+ Qxf7 26. Rxf7 Be3+ 27. Kh1 Bxd4
28. Rf1 Ne3 29. Rb1 Bf6 30. Qxd6 Rcd8 31. Qxb6 Nd1 0-1

[Event "TCh-CHN 2018"]
[Site "China CHN"]
[Date "2018.11.30"]
[Round "22.3"]
[Board "3"]
[White "Liu, Zhaoqi"]
[Black "Liu, Guanchu"]
[Result "1-0"]
[BlackTitle "IM"]
[WhiteElo "2286"]
[BlackElo "2432"]
[WhiteTeam "Hebei sports lottery chess team"]
[BlackTeam "Chengdu Beilei Youth Chess Club"]
[WhiteFideId "8609381"]
[BlackFideId "8603901"]
[EventDate "2018.04.11"]

1. c4 e5 2. Nc3 Bb4 3. Nd5 a5 4. a3 Be7 5. Nf3 d6 6. d4 Nc6 7. Nxe7 Qxe7 8. d5
Nb8 9. e4 f5 10. Bd3 fxe4 11. Bxe4 Nf6 12. Bg5 O-O 13. Qc2 h6 14. Bh7+ Kh8 15.
Nh4 Qe8 16. Ng6+ Kxh7 17. Nxf8+ Kg8 18. Bxf6 Kxf8 19. Bh4 Qh5 20. Bg3 Bf5 21.
Qc3 Nd7 22. O-O a4 23. f3 Qg6 24. Kh1 Bd3 25. Rfe1 Nc5 26. Rad1 Bf5 27. Rf1 b6
28. Bf2 Nb3 29. Be3 Kg8 30. Rf2 h5 31. f4 exf4 32. Rxf4 Be4 33. Rf2 Re8 34. Kg1
h4 35. Re1 h3 36. g3 Bd3 37. Rf4 Re5 38. Bd4 Re2 39. Rxe2 Bxe2 40. Kf2 Bh5 41.
g4 Nxd4 42. Qxd4 Qc2+ 43. Kg3 Qg2+ 44. Kh4 Bg6 45. Rf2 Qh1 46. Qf4 Qd1 47. Kg5
Bd3 48. Rf3 Qc2 49. Qf8+ 1-0

[Event "TCh-CHN 2018"]
[Site "China CHN"]
[Date "2018.11.30"]
[Round "22.3"]
[Board "4"]
[White "Gunina, Valentina"]
[Black "Zhai, Mo"]
[Result "1-0"]
[WhiteTitle "GM"]
[BlackTitle "WGM"]
[WhiteElo "2497"]
[BlackElo "2352"]
[WhiteTeam "Chengdu Beilei Youth Chess Club"]
[BlackTeam "Hebei sports lottery chess team"]
[WhiteFideId "4167570"]
[BlackFideId "8600201"]
[EventDate "2018.04.11"]

1. e4 c6 2. d4 d5 3. Nc3 dxe4 4. Nxe4 Nf6 5. Nxf6+ exf6 6. Bc4 Bd6 7. Qe2+ Qe7
8. Qxe7+ Kxe7 9. Bd2 Rd8 10. O-O-O Kf8 11. Ne2 Nd7 12. Bd3 Kg8 13. Rhe1 Nf8 14.
h4 Be6 15. Kb1 Bc7 16. f3 Rd7 17. c3 a6 18. Kc2 Rad8 19. Bc1 Bb6 20. b3 c5 21.
dxc5 Bxc5 22. Be4 Bf2 23. Rxd7 Rxd7 24. Rd1 b6 25. h5 Rxd1 26. Kxd1 Nd7 27. Nf4
Nc5 28. Bc2 h6 29. Ke2 Bg3 30. Be3 Kf8 31. Nxe6+ fxe6 32. b4 Nd7 33. Bd3 b5 34.
c4 bxc4 35. Bxc4 Bd6 36. a3 Nb8 37. Bxe6 Nc6 38. Bd5 Ne5 39. Kd2 Ke7 40. Kc3 Kd7
41. Bb7 a5 42. bxa5 Bxa3 43. a6 Kc7 44. Be4 Nc6 45. a7 Nxa7 46. Bxa7 Kd6 47. Kc4
Ke6 48. g4 Kf7 49. Bc5 Bc1 50. Bd5+ Ke8 51. Kd4 f5 52. Ke5 fxg4 53. Ke6 Bg5 54.
fxg4 Bf6 55. Bc6+ Kd8 1-0

[Event "TCh-CHN 2018"]
[Site "China CHN"]
[Date "2018.11.30"]
[Round "22.3"]
[Board "5"]
[White "Ren, Xiaoyi"]
[Black "Khademalsharieh, Sarasadat"]
[Result "1/2-1/2"]
[BlackTitle "IM"]
[WhiteElo "2256"]
[BlackElo "2448"]
[WhiteTeam "Chengdu Beilei Youth Chess Club"]
[BlackTeam "Hebei sports lottery chess team"]
[WhiteFideId "8608709"]
[BlackFideId "12512214"]
[EventDate "2018.04.11"]

1. d4 Nf6 2. c4 e6 3. g3 d5 4. Bg2 Bb4+ 5. Nd2 O-O 6. Nf3 b6 7. O-O Bb7 8. cxd5
exd5 9. Ne5 Nbd7 10. Ndf3 Nxe5 11. Nxe5 h6 12. Bf4 Bd6 13. Rc1 Re8 14. Nd3 Bxf4
15. Nxf4 Qd6 16. Qc2 Re7 17. e3 Ne4 18. Rfe1 Rae8 19. Qb3 Rd8 20. Qc2 Rde8 21.
Qb3 Rd8 22. Qc2 1/2-1/2

[Event "TCh-CHN 2018"]
[Site "China CHN"]
[Date "2018.11.30"]
[Round "22.4"]
[Board "1"]
[White "Wang, Yiye"]
[Black "Zhao, Jun"]
[Result "1/2-1/2"]
[WhiteTitle "IM"]
[BlackTitle "GM"]
[WhiteElo "2437"]
[BlackElo "2607"]
[WhiteTeam "Beijing Beiao team"]
[BlackTeam "Shandong Jingzhi Team"]
[WhiteFideId "8606021"]
[BlackFideId "8602522"]
[EventDate "2018.04.11"]

1. e4 c5 2. c3 Nf6 3. e5 Nd5 4. Nf3 Nc6 5. d4 cxd4 6. cxd4 d6 7. Bc4 Nb6 8. Bb5
dxe5 9. Nxe5 Bd7 10. Bxc6 Bxc6 11. Nxc6 bxc6 12. O-O e6 13. Be3 Bd6 14. Nd2 O-O
15. Rc1 Rc8 16. Nc4 Nd5 17. Nxd6 Qxd6 18. Rc5 f5 19. Re1 f4 20. Bd2 f3 21. g3
Rf5 22. Qc2 Qd7 23. Rc1 Rcf8 24. Rxc6 e5 25. dxe5 Rxe5 26. Rc8 Re2 27. Rxf8+
Kxf8 28. Qc5+ Kf7 29. Qd4 Nf6 30. Qxd7+ Nxd7 31. Be3 Rxb2 32. Bxa7 Rxa2 33. Bd4
h5 34. h3 g5 35. g4 hxg4 36. hxg4 Ra4 37. Rd1 Nf6 38. Rd3 1/2-1/2

[Event "TCh-CHN 2018"]
[Site "China CHN"]
[Date "2018.11.30"]
[Round "22.4"]
[Board "4"]
[White "Ning, Kaiyu"]
[Black "Wang, Yu A."]
[Result "1/2-1/2"]
[BlackTitle "IM"]
[WhiteElo "2217"]
[BlackElo "2303"]
[WhiteTeam "Shandong Jingzhi Team"]
[BlackTeam "Beijing Beiao team"]
[WhiteFideId "8614750"]
[BlackFideId "8601097"]
[EventDate "2018.04.11"]

1. d4 d6 2. Nf3 Nf6 3. c4 g6 4. g3 Bg7 5. Bg2 O-O 6. O-O Nbd7 7. Qc2 e5 8. Rd1
Qe7 9. Nc3 c6 10. e4 Re8 11. h3 a5 12. Be3 exd4 13. Nxd4 Nc5 14. f3 Bd7 15. Bf2
h5 16. Rd2 Rac8 17. a4 Rcd8 18. Re1 Bh6 19. Rdd1 Nh7 20. Kh2 h4 21. gxh4 Nf6 22.
Bg3 Nh5 23. Qf2 Nxg3 24. Qxg3 Qe5 25. Nde2 Qxg3+ 26. Nxg3 Be6 27. Bf1 Bf4 28.
Kg2 Be5 29. Ra1 Nb3 30. Rad1 Nc5 31. Ra1 Nb3 1/2-1/2

[Event "TCh-CHN 2018"]
[Site "China CHN"]
[Date "2018.11.30"]
[Round "22.4"]
[Board "5"]
[White "Huang, Qian"]
[Black "Wang, Jue"]
[Result "1/2-1/2"]
[WhiteTitle "WGM"]
[BlackTitle "WGM"]
[WhiteElo "2444"]
[BlackElo "2367"]
[WhiteTeam "Shandong Jingzhi Team"]
[BlackTeam "Beijing Beiao team"]
[WhiteFideId "8602689"]
[BlackFideId "8604070"]
[EventDate "2018.04.11"]

1. Nf3 Nf6 2. g3 d5 3. Bg2 e6 4. O-O Be7 5. c4 O-O 6. b3 c5 7. d4 Nc6 8. Bb2
dxc4 9. bxc4 cxd4 10. Nxd4 Na5 11. Nd2 Bd7 12. Bc3 Nc6 13. Nxc6 Bxc6 14. Bxc6
bxc6 15. Nb3 Qc8 16. Qc2 c5 17. Bxf6 Bxf6 18. Rab1 Qc7 19. Nc1 Rab8 20. Nd3 g6
21. Rxb8 Rxb8 22. Rb1 Rxb1+ 23. Qxb1 Qb6 24. Qc2 Qa5 25. Kg2 Qb6 26. e3 Qc6+ 27.
f3 Kg7 28. Nf2 Be7 29. Qb2+ Bf6 30. Qc2 Be7 31. Ne4 f5 32. Nf2 Bf6 1/2-1/2

[Event "TCh-CHN 2018"]
[Site "China CHN"]
[Date "2018.11.30"]
[Round "22.5"]
[Board "1"]
[White "Zuo, Yifan"]
[Black "Harikrishna, Pentala"]
[Result "0-1"]
[WhiteTitle "CM"]
[BlackTitle "GM"]
[WhiteElo "2300"]
[BlackElo "2729"]
[WhiteTeam "Shenzhen Longgang Chess association"]
[BlackTeam "China Mobil Shanghai Chess Club"]
[WhiteFideId "8614610"]
[BlackFideId "5007003"]
[EventDate "2018.04.11"]

1. d4 Nf6 2. Nf3 e6 3. c4 d5 4. Nc3 Bb4 5. Bg5 Nbd7 6. e3 c6 7. Nd2 O-O 8. cxd5
exd5 9. Bd3 Re8 10. O-O Nf8 11. e4 Ne6 12. Bxf6 Qxf6 13. e5 Qh6 14. a3 Bxc3 15.
bxc3 Nf4 16. Bc2 Bh3 17. g3 Bxf1 18. Nxf1 Nh3+ 19. Kg2 f6 20. exf6 Rf8 21. f4
Rxf6 22. Qg4 Nxf4+ 23. gxf4 Rxf4 24. Qg3 Raf8 25. Re1 Qf6 26. Ne3 Rf3 27. Qe5
Rf2+ 28. Kg1 Rg2+ 29. Kxg2 Qf3+ 30. Kg1 Qf2+ 31. Kh1 Qxe1+ 32. Kg2 Rf2+ 33. Kh3
Rf3+ 34. Kg4 Rxe3 0-1

[Event "TCh-CHN 2018"]
[Site "China CHN"]
[Date "2018.11.30"]
[Round "22.5"]
[Board "2"]
[White "Cheparinov, Ivan"]
[Black "Lou, Yiping"]
[Result "0-1"]
[WhiteTitle "GM"]
[BlackTitle "IM"]
[WhiteElo "2711"]
[BlackElo "2473"]
[WhiteTeam "Shenzhen Longgang Chess association"]
[BlackTeam "China Mobil Shanghai Chess Club"]
[WhiteFideId "2905540"]
[BlackFideId "8603928"]
[EventDate "2018.04.11"]

1. e4 e5 2. Nf3 Nc6 3. Bc4 Bc5 4. c3 Nf6 5. d3 d6 6. O-O O-O 7. Re1 Ne7 8. Nbd2
Bb6 9. Nf1 Ng6 10. Ng3 c6 11. Bb3 h6 12. h3 Re8 13. d4 Qc7 14. Be3 Be6 15. Bc2
Rad8 16. Qc1 Bc8 17. Bxh6 gxh6 18. Qxh6 Qe7 19. Bb3 d5 20. dxe5 Nxe5 21. Qg5+
Kh8 22. exd5 Nxf3+ 23. gxf3 Qxe1+ 24. Rxe1 Rxe1+ 25. Kg2 Nh7 26. Qh5 Rg8 27. f4
cxd5 28. Bxd5 Be6 29. Bxe6 fxe6 30. Kf3 Rf8 31. Ne4 Bd8 32. Qe5+ Bf6 33. Qxe6
Bxc3 34. Qd6 Bg7 35. h4 Rc1 36. Ng5 Rc6 37. Qd3 Rh6 38. Nxh7 Rxh7 39. Qb5 Rxh4
40. Qxb7 Rhxf4+ 41. Ke3 Bd4+ 42. Kd3 Bxf2 43. b4 Bb6 44. Qh1+ Kg7 45. Qg2+ Kf6
46. Kc3 Rc8+ 47. Kb3 Rcc4 48. a3 Rce4 49. Ka4 Re3 50. Qc6+ Kg5 51. Qd5+ Rf5 52.
Qg2+ Kf4 53. Qh2+ Ke4 54. Qc2+ Ke5 55. Qh2+ Kd5 56. Qa2+ Kd6 57. Qh2+ Ree5 58.
Qh6+ Kc7 59. Qh7+ Kb8 60. Qh8+ Kb7 61. Qh1+ Rd5 62. Qh7+ Bc7 63. Qh1 a6 64. Qe4
Re5 65. Qh1 Kb8 66. Qh8+ Rd8 67. Qf6 Kb7 68. Qf3+ Red5 69. Qh1 Ka7 70. Qe4 R8d7
71. Qe3+ Bb6 72. Qe6 Rd3 73. Qf5 R3d4 74. Qh3 Re7 75. Qf5 Rde4 76. Qd5 Re3 77.
Qg5 Rc7 78. Qf6 Rcc3 79. Qg7+ Bc7 80. Qd4+ Kb8 0-1

[Event "TCh-CHN 2018"]
[Site "China CHN"]
[Date "2018.11.30"]
[Round "22.5"]
[Board "3"]
[White "Liu, Qingnan"]
[Black "Xu, Yi"]
[Result "1/2-1/2"]
[WhiteTitle "GM"]
[BlackTitle "IM"]
[WhiteElo "2538"]
[BlackElo "2533"]
[WhiteTeam "Shenzhen Longgang Chess association"]
[BlackTeam "China Mobil Shanghai Chess Club"]
[WhiteFideId "8603294"]
[BlackFideId "8605564"]
[EventDate "2018.04.11"]

1. e4 d6 2. d4 Nf6 3. Nc3 g6 4. g3 Bg7 5. Bg2 O-O 6. Nge2 e5 7. h3 Nc6 8. Be3
exd4 9. Nxd4 Re8 10. Nxc6 bxc6 11. O-O Rb8 12. b3 c5 13. Qd2 Bb7 14. Bg5 h6 15.
Bxh6 Nxe4 16. Bxe4 Bxh6 17. Qxh6 Bxe4 18. Nxe4 Rxe4 19. Rae1 Qe7 20. Qd2 Re8 21.
Rxe4 Qxe4 22. c4 Kg7 23. Qa5 Rh8 24. Re1 Qf3 25. h4 g5 26. Qd2 gxh4 27. Qg5+ Kf8
28. gxh4 Qh5 29. Qe7+ Kg7 30. Re3 Rh6 31. Rg3+ Rg6 32. Qxc7 Rxg3+ 33. fxg3 Qd1+
34. Kg2 Qe2+ 35. Kh3 Qe6+ 36. Kh2 Qe2+ 37. Kh3 Qe6+ 38. Kh2 1/2-1/2

[Event "TCh-CHN 2018"]
[Site "China CHN"]
[Date "2018.11.30"]
[Round "22.5"]
[Board "4"]
[White "Wang, Pin"]
[Black "An, Zhixiao"]
[Result "1/2-1/2"]
[WhiteTitle "WGM"]
[WhiteElo "2394"]
[BlackElo "2071"]
[WhiteTeam "China Mobil Shanghai Chess Club"]
[BlackTeam "Shenzhen Longgang Chess association"]
[WhiteFideId "8600406"]
[BlackFideId "8603251"]
[EventDate "2018.04.11"]

1. d4 d5 2. Bf4 Nf6 3. e3 e6 4. Nf3 Be7 5. h3 b6 6. Bd3 Bb7 7. O-O O-O 8. Nbd2
Nbd7 9. Qe2 c5 10. c3 c4 11. Bc2 b5 12. Ne5 Ne4 13. Rad1 f5 14. Nxe4 dxe4 15. a4
a6 16. b3 Nxe5 17. Bxe5 Bd5 18. b4 Bd6 19. Bxd6 Qxd6 20. axb5 axb5 21. Ra1 Qc6
22. Rfe1 Rxa1 23. Rxa1 Ra8 24. Qe1 Ra6 25. Ra5 Qb6 26. Qa1 Bb7 27. Rxa6 Qxa6 28.
Qxa6 Bxa6 29. f3 exf3 30. gxf3 Bb7 31. Kf2 Kf7 32. h4 Kf6 33. e4 g6 34. Ke3 h6
35. e5+ Ke7 36. f4 h5 37. Bd1 Kd7 38. Bc2 Ke7 39. d5 Bxd5 40. Kd4 Kd7 41. Kc5
Bc6 42. Kd4 1/2-1/2

[Event "TCh-CHN 2018"]
[Site "China CHN"]
[Date "2018.11.30"]
[Round "22.5"]
[Board "5"]
[White "Ni, Shiqun"]
[Black "Ushenina, Anna"]
[Result "1/2-1/2"]
[WhiteTitle "WGM"]
[BlackTitle "GM"]
[WhiteElo "2436"]
[BlackElo "2440"]
[WhiteTeam "China Mobil Shanghai Chess Club"]
[BlackTeam "Shenzhen Longgang Chess association"]
[WhiteFideId "8608466"]
[BlackFideId "14110911"]
[EventDate "2018.04.11"]

1. e4 c5 2. Nf3 Nc6 3. d4 cxd4 4. Nxd4 Nf6 5. Nc3 e5 6. Ndb5 d6 7. Bg5 a6 8. Na3
b5 9. Nd5 Be7 10. Bxf6 Bxf6 11. c3 Bg5 12. Nc2 Ne7 13. Ncb4 O-O 14. a4 bxa4 15.
Rxa4 a5 16. Nxe7+ Qxe7 17. Bc4 Qc7 18. Nd5 Qc5 19. h4 Bd8 20. Ne3 Rb8 21. b3 Kh8
22. O-O g6 23. Qd5 Qc7 24. Rd1 Bd7 25. Raa1 Bc6 26. Qd3 Qe7 27. Qxd6 Qxd6 28.
Rxd6 Bxe4 29. f3 Bb7 30. Nd5 Kg7 31. g3 Rc8 32. Kg2 Rc5 33. Kf2 Bxd5 34. Rxd5
Rxd5 35. Bxd5 Bb6+ 36. Ke2 Rd8 37. Bc4 h5 38. b4 axb4 39. cxb4 Rd4 40. Ra6 Rxc4
41. Rxb6 e4 42. fxe4 Rxe4+ 43. Kf3 1/2-1/2

[Event "TCh-CHN 2018"]
[Site "China CHN"]
[Date "2018.11.30"]
[Round "22.6"]
[Board "1"]
[White "Zou, Chen"]
[Black "Andreikin, Dmitry"]
[Result "0-1"]
[WhiteTitle "FM"]
[BlackTitle "GM"]
[WhiteElo "2384"]
[BlackElo "2719"]
[WhiteTeam "Hangzhou Turbine Team"]
[BlackTeam "Chongqing Team"]
[WhiteFideId "8610959"]
[BlackFideId "4158814"]
[EventDate "2018.04.11"]

1. e4 c5 2. Nf3 a6 3. c4 Nc6 4. Nc3 e5 5. g3 d6 6. Bg2 b5 7. d3 bxc4 8. dxc4 Nf6
9. Bg5 Be7 10. Bxf6 Bxf6 11. Qa4 Bb7 12. h4 O-O 13. O-O g6 14. Nd5 Bg7 15. Bh3
Rb8 16. Qc2 f5 17. Rad1 Nb4 18. Qb1 Nxd5 19. cxd5 Bh6 20. Nd2 a5 21. exf5 Bc8
22. Nc4 gxf5 23. Qc2 Kh8 24. Qc3 Ba6 25. b3 a4 26. Rfe1 f4 27. Bf1 Qf6 28. Re2
Rb7 29. Rb2 Rg7 30. Kh2 Rfg8 31. Rd3 fxg3+ 32. fxg3 Qxf1 33. Rf3 Rxg3 0-1

[Event "TCh-CHN 2018"]
[Site "China CHN"]
[Date "2018.11.30"]
[Round "22.6"]
[Board "2"]
[White "Xiang, Zeyu"]
[Black "Zeng, Chongsheng"]
[Result "1-0"]
[BlackTitle "GM"]
[WhiteElo "2435"]
[BlackElo "2535"]
[WhiteTeam "Hangzhou Turbine Team"]
[BlackTeam "Chongqing Team"]
[WhiteFideId "8608547"]
[BlackFideId "8603847"]
[EventDate "2018.04.11"]

1. d4 Nf6 2. c4 g6 3. f3 d6 4. e4 e5 5. d5 Nh5 6. Be3 Be7 7. Qd2 h6 8. g3 Bg5 9.
Ne2 Bxe3 10. Qxe3 Qg5 11. Qc3 Nd7 12. Bh3 O-O 13. Bxd7 Bxd7 14. h4 Qe7 15. Qe3
Kh7 16. g4 Nf4 17. Nxf4 exf4 18. Qxf4 f5 19. gxf5 Rxf5 20. Qe3 Raf8 21. Nd2 b6
22. O-O-O Rf4 23. h5 g5 24. Qc3 Qg7 25. Kc2 g4 26. Qxg7+ Kxg7 27. fxg4 Rxg4 28.
Rdg1 Rf4 29. Kd3 Rxg1 30. Rxg1+ Rg4 31. Rh1 Rg3+ 32. Kd4 Rg2 33. Ke3 Bg4 34. b4
Kf6 35. c5 b5 36. Rf1+ Ke7 37. Nb3 Rxa2 38. Nd4 Bxh5 39. Rh1 Be8 40. Rxh6 dxc5
41. bxc5 b4 42. Kf4 a5 43. d6+ cxd6 44. cxd6+ Kd7 45. e5 Rf2+ 46. Ke3 Rf1 47.
Rh7+ Bf7 48. Nf3 Ke8 49. d7+ Kxd7 50. Rxf7+ Kc8 51. e6 Kd8 52. Rb7 Rh1 53. Ke4
Rb1 54. Nd4 Kc8 55. Ra7 b3 56. Nxb3 Kb8 57. Rxa5 1-0

[Event "TCh-CHN 2018"]
[Site "China CHN"]
[Date "2018.11.30"]
[Round "22.6"]
[Board "3"]
[White "Inarkiev, Ernesto"]
[Black "Zhou, Weiqi"]
[Result "1-0"]
[WhiteTitle "GM"]
[BlackTitle "GM"]
[WhiteElo "2693"]
[BlackElo "2597"]
[WhiteTeam "Hangzhou Turbine Team"]
[BlackTeam "Chongqing Team"]
[WhiteFideId "4162722"]
[BlackFideId "8601674"]
[EventDate "2018.04.11"]

1. e4 c5 2. Nf3 d6 3. d4 cxd4 4. Nxd4 Nf6 5. Nc3 Nc6 6. Bg5 e6 7. Qd2 a6 8.
O-O-O Bd7 9. f4 h6 10. Bh4 b5 11. Bxf6 gxf6 12. f5 Qb6 13. Nxc6 Bxc6 14. fxe6
fxe6 15. Bd3 h5 16. Kb1 Qc5 17. Rhf1 Rh6 18. e5 dxe5 19. Ne4 Qe7 20. Qc3 Rc8 21.
Be2 Bd7 22. Qa5 Kf7 23. Qxa6 Rc6 24. Qxb5 f5 25. Qb3 Kg7 26. Bb5 Be8 27. Qg3+
Rg6 28. Qxe5+ Kh7 29. Bxc6 Bxc6 30. Nd6 Bxg2 31. Rg1 Qc7 32. Qe2 Qc6 33. Qxh5+
Bh6 34. Nf7 Qf3 35. Qxh6+ 1-0

[Event "TCh-CHN 2018"]
[Site "China CHN"]
[Date "2018.11.30"]
[Round "22.6"]
[Board "4"]
[White "Tan, Zhongyi"]
[Black "Zhou, Zirun"]
[Result "1-0"]
[WhiteTitle "GM"]
[WhiteElo "2513"]
[BlackElo "2152"]
[WhiteTeam "Chongqing Team"]
[BlackTeam "Hangzhou Turbine Team"]
[WhiteFideId "8603642"]
[BlackFideId "8610975"]
[EventDate "2018.04.11"]

1. e4 c5 2. Nf3 d6 3. d4 cxd4 4. Nxd4 Nf6 5. Nc3 a6 6. h3 e5 7. Nde2 h5 8. Nd5
Nxd5 9. Qxd5 Nd7 10. c4 Nf6 11. Qd3 Be6 12. Bd2 g6 13. Nc3 Rc8 14. b3 Bh6 15.
Bxh6 Rxh6 16. Qd2 Rh8 17. Rd1 Qa5 18. Be2 b5 19. O-O b4 20. Nb1 Rc6 21. Bd3 Qc5
22. a3 a5 23. axb4 axb4 24. Qg5 Ke7 25. Be2 Bd7 26. Rd5 Qa7 27. Kh1 Re8 28. Rd3
Qc7 29. f4 Bc8 30. c5 1-0

[Event "TCh-CHN 2018"]
[Site "China CHN"]
[Date "2018.11.30"]
[Round "22.6"]
[Board "5"]
[White "Lei, Tingjie"]
[Black "Zhao, Shengxin"]
[Result "0-1"]
[WhiteTitle "GM"]
[BlackTitle "WFM"]
[WhiteElo "2457"]
[BlackElo "2133"]
[WhiteTeam "Chongqing Team"]
[BlackTeam "Hangzhou Turbine Team"]
[WhiteFideId "8605114"]
[BlackFideId "8608040"]
[EventDate "2018.04.11"]

1. Nf3 d5 2. g3 Nf6 3. Bg2 c6 4. O-O g6 5. b3 Bg7 6. Bb2 O-O 7. c4 Nbd7 8. d4
Ne4 9. e3 b6 10. Nbd2 Nxd2 11. Qxd2 Bb7 12. Rfd1 a5 13. Rac1 Qb8 14. cxd5 cxd5
15. Ba3 Re8 16. Bf1 Ba6 17. Bxa6 Rxa6 18. Rc6 a4 19. Bb4 axb3 20. axb3 Qb7 21.
Rc2 Ra7 22. Qd3 b5 23. Rdc1 Bf8 24. Qd2 Rea8 25. Ne1 h5 26. Nd3 Ra1 27. Kg2 Rxc1
28. Qxc1 Ra7 29. h4 Kg7 30. Nf4 Nf6 31. Qf1 Qd7 32. Qd3 Ra6 33. Qc3 Ra7 34. Qc8
Qxc8 35. Rxc8 Ra1 36. Bc5 Ne4 37. Nxd5 Ra2 38. Kg1 Ra1+ 39. Kg2 Ra2 40. Kf3 Nd2+
41. Kf4 Nxb3 42. Bxe7 Bxe7 43. Nxe7 Rxf2+ 44. Ke5 Re2 45. Nd5 Nd2 46. Rc7 b4 47.
Nxb4 Rxe3+ 48. Kd6 Rxg3 49. Nc6 Nf3 50. Ke7 Nxh4 51. d5 Nf5+ 52. Kd8 Rd3 53. Rd7
Ne3 54. d6 Nc4 55. Kc7 h4 56. Nd8 Nxd6 57. Kc6 h3 58. Nxf7 Nxf7 0-1